000 00335nam a22001457a 4500
008 230516b ||||| |||| 00| 0 eng d
020 _a9781939402219
041 _aeng
080 _214TH EDITION
_a530
082 _a530EIC
100 _a24
101 _aKAPITA
245 _aREAL WORLD GLOBALIZATION
_cEICHACKER.N
942 _2udc
_cBK
999 _c59746
_d59746